|
|
|
|
| LEADER |
01449nam a22003854a 4500 |
| 001 |
EBC1772525 |
| 003 |
MiAaPQ |
| 005 |
20200520144314.0 |
| 006 |
m o d | |
| 007 |
cr cn||||||||| |
| 008 |
021223s2003 enk sb 001 0 eng |
| 010 |
|
|
|z 2003447002
|
| 020 |
|
|
|z 1841132640 (hardback)
|
| 035 |
|
|
|a (MiAaPQ)EBC1772525
|
| 035 |
|
|
|a (Au-PeEL)EBL1772525
|
| 035 |
|
|
|a (CaPaEBR)ebr10273857
|
| 035 |
|
|
|a (CaONFJC)MIL80748
|
| 035 |
|
|
|a (OCoLC)893332147
|
| 040 |
|
|
|a MiAaPQ
|c MiAaPQ
|d MiAaPQ
|
| 043 |
|
|
|a e-uk-en
|a e-uk-wl
|
| 050 |
|
4 |
|a KD1737.R43
|b A84 2003
|
| 082 |
0 |
4 |
|a 345.42/0268
|2 22
|
| 100 |
1 |
|
|a Alldridge, Peter.
|
| 245 |
1 |
0 |
|a Money laundering law
|h [electronic resource] :
|b forfeiture, confiscation, civil recovery, criminal laundering, and taxation of the proceeds of crime /
|c Peter Alldridge.
|
| 260 |
|
|
|a Oxford ;
|a Portland, Or. :
|b Hart Pub.,
|c 2003.
|
| 300 |
|
|
|a xli, 282 p.
|
| 504 |
|
|
|a Includes bibliographical references and index.
|
| 533 |
|
|
|a Electronic reproduction. Ann Arbor, MI : ProQuest, 2015. Available via World Wide Web. Access may be limited to ProQuest affiliated libraries.
|
| 650 |
|
0 |
|a Money laundering
|z England.
|
| 650 |
|
0 |
|a Money laundering
|z Wales.
|
| 650 |
|
0 |
|a Forfeiture
|z England.
|
| 650 |
|
0 |
|a Forfeiture
|z Wales.
|
| 655 |
|
4 |
|a Electronic books.
|
| 710 |
2 |
|
|a ProQuest (Firm)
|
| 856 |
4 |
0 |
|u https://ebookcentral.proquest.com/lib/matrademy/detail.action?docID=1772525
|z Click to View
|